000 00639nam a2200241Ia 4500
003 OSt
005 20221007075323.0
006 a|||||r|||| 00| 0
007 ta
008 221006b |||||||| |||| 00| 0 eng d
024 _a35,507
037 _cTextual
040 _aFLL
_cFLL
_beng
041 _2eng
_aeng
082 _aV2:19(zP)0aZ1, M4
100 _aSingh J.N.
245 0 _aUse of force under international law
250 _aIst
260 _aNew Delhi
_bHarnam Publications India
_c1984
300 _axiv,273p
_ccm.
942 _hV2:19(zP)0aZ1, M4
_cTEXL
_2CC
999 _c1155612
_d1155612